000 00564nam a2200241 a 4500
001 nice12345678
003 IN_TiNIC
005 20260116011503.0
008 050524s1958 newa grp 000 0 eng
020 _a
_c0
082 0 0 _a190
_bKAN
100 _aKant, Immanuel
245 _aCritique of Pure Reason
260 _aNew York
_bModern Library
_c1958
300 _a335p
500 _aincludes index and biblioraphy
505 2 _aIndex
650 _aPhilosophy-Western
700 1 _aKant, Immanuel
902 _bSRS
942 _cBK
999 _c1972
_d1972